A cantora careca (Registo nº 202816)

Detalhes MARC
000 -Etiqueta do registo
Valores 00539nam 22001813 4500
100 ## - Dados gerais de processamento
Dados gerais 20260630d u||y0pory50 ba
200 ## - Titulo e menção de responsabilidade
Título próprio A cantora careca
Informação de outro título anti-peça
Primeira menção de responsabilidade Eugéne Ionesco
210 ## - Publicação
Local de publicação Lisboa
Nome do editor Contraponto
Data de publicação [D.L. 1959]
215 ## - Descrição física 
Paginação / Volumes 46 p., [1] f.
Outras indicações físicas brochado
Dimensões 17 cm
225 ## - Colecção 
Título próprio da colecção Teatro no bolso
Indicação de volume 8
606 ## - Nome comum usado como assunto
ID Autoridade 3172
Palavra de ordem Literatura Romena
675 ## - CDU
Notação 821.135.1-1
Edição PT
Língua por
700 ## - Autor principal (pessoa individual)
ID Autoridade 17671
Apelido Ionesco
Nome Eugène
Datas 1909-1994
801 ## - Fonte de origem
País PT
Agência BMMN
Regras de catalogação RPC
830 ## - Notas gerais do catalogador
Criado por Ana Falardo
Indexado por Ana Falardo
990 ## - Elementos KOHA
Tipo de documento Livro
Exemplares
Situação do levantamento Biblioteca de origem Código de barras Cota Permissão de empréstimo Tipo de documento Nota relativa ao exemplar Forma de aquisição
  Biblioteca Municipal de Montemor-o-Novo 32336 821.135.1-1 ION|SAF   Livro Acesso Condicionado Oferta

Powered by Koha